000 00936nam a2200205 i 4500
001 188356
003 ES-MaACL
005 20251002204752.0
008 180903s1922 fr |||| | fre d
245 0 0 _aTraité de pathologie médicale et de thérapeutique appliquée / publ. sous la dir. d'Émile Sergent, L. Ribadeau-Dumas, L. Babonneix.
_nII-III,
_pAppareil respiratoire /
_cÉmile Sergent, d'Heucqueville, Bellin [et al.].
260 _aParis :
_bA. Maloine et fils,
_c1922.
300 _a2 v. :
_bil. ;
_c21 cm.
490 1 _aTraité de pathologie médicale et de thérapeutique appliquée ;
_v2-3
650 4 _aAparato respiratorio-
_xEnfermedades.
_9135585
700 1 _aSergent, Émile,
_d1867-1943
_9151848
700 1 _aVigneron d'Heucqueville, Raoul.
_9165386
830 0 _aTraité de pathologie médicale et de thérapeutique appliquée ;
_v2-3
_9225682
852 _aES-MaACL
_jC-16732-33
999 _c188356
_d188356